Asbest.

Bibliographic Details
Corporate Author: Becker und Haag
Other Authors: Frank, Karl, 1889-
Format: Book
Language:German
Published: Hamburg, [publisher not identified] ; 1952.
Edition:2., umgearb. und erweiterte Aufl.
Subjects:

MARC

Tag First Indicator Second Indicator Subfields
LEADER 00000cam a2200000 4500
001 in00000040001
005 20151007070453.0
008 800530s1952 gw a 00000 ger
010 |a  53015046  
035 |a (OCoLC)06372463 
035 |9 AAE4082AM 
040 |a DLC  |c TXA  |d UtOrBLW 
049 |a TXAM  |c [245728] 
050 0 |a TN930  |b .B4 1952 
082 0 |a 553.67 
092 |a 553.67  |b B396a2 
110 2 |a Becker und Haag. 
245 1 0 |a Asbest. 
250 |a 2., umgearb. und erweiterte Aufl.  |b von Karl Frank. 
264 1 |a Hamburg,  |b [publisher not identified] ;  |c 1952. 
300 |a 234 pages :  |b illustrations ;  |c 25 cm. 
336 |a text  |b txt  |2 rdacontent 
337 |a unmediated  |b n  |2 rdamedia 
338 |a volume  |b nc  |2 rdacarrier 
650 0 |a Asbestos. 
700 1 |a Frank, Karl,  |d 1889- 
999 |a MARS 
999 f f |s 9cfa53c6-0610-3817-9635-a2796f7d5c73  |i 95efd1cb-b787-3ccb-b526-08d3950b05f9  |t 0 
952 f f |p ric  |a Texas A&M University  |b Rellis Campus  |c Joint Library Facility  |d Remote Storage  |t 0  |e TN930 .B4 1952  |h Library of Congress classification  |i unmediated -- volume  |m A14800959298 
998 f f |a TN930 .B4 1952  |t 0  |l Remote Storage